00506nam a2200157 i 450000100060000000300090000600500170001500700030003200800410003510000210007624501280009725000120022526000540023730000260029185200310031751215ES-MaACL20230906162323.0t|030811s1939 xxk ||||1| eng d1 aCharlesworth, J.10aBrooke's teatrise on the office and practice of a notary of England with a collection of precedents / cby J. Charlesworth. a9th ed. aLondon : bStevens & Sons, c1939 (fWhitefriars) aXV, 464 p. ; c23 cm. aES-MaACLjC-5531 bR.25983